000
00244nam a2200097Ia 4500
001
662418
005
20250826160153.0
008
250824s9999 xx 000 0 und d
245
0
_a
havacılık ve uzay
_c
Lindsey Lowe
260
_b
TÜBİTAK YAYINLARI
999
_c
662418
_d
662418